000 00587nam a2200217Ia 4500
005 20250923145152.0
008 008 250917s9999 xx 000 0 eng d
037 _aTextual
040 _aDSWL
_beng
_cDSWL
041 _aeng
_2eng
084 _qDSWL
100 _aGrant, J.V.
_9832466
245 0 _aPersonnel Administration and Industrial Relations
_cby J.V. Grant
260 _aLondon
_bLongmans Green & Co. Ltd.
_c1969
300 _axvi,699p.
365 _aINR
_b60
700 _aG.J. Smith
_9832467
925 _g60
942 _cTEXL
999 _c1447989
_d1447989